000 00406nam a2200133Ia 4500
008 220216s9999 xx 000 0 und d
100 _aMars W V
245 2 _aA Phenomenological model for the effect of R ratio on fatigue of strain crystallizing rubbers
260 _bRubber Chemistry and Technology
_c2003
300 _a1241-1258
650 _aStrain crystallization
700 _aFatemi A
942 _cJS
999 _c53496
_d53496